000 00454nam a2200157 i 4500
001 75869
003 ES-MaACL
005 20230906172631.0
007 t|
008 040928s1969 sp ||||1| spa d
100 1 _aGrimalt, Manuel.
_960049
245 1 3 _aLa Ășltima noche de la isla /
_cManuel Grimalt.
260 _a[Andorra la Vella :
_bAndorra ;
_aBarcelona :
_bSocitra,
_c1969]
300 _a226 p. ;
_c19 cm.
852 _aES-MaACL
_jC-40063
_bR.70445
999 _c75869
_d75869